书目信息 |
| 题名: |
医学电子学基础
|
|
| 作者: | 高翠霞 编 | |
| 分册: | ||
| 出版信息: | 北京 人民卫生出版社 2003 |
|
| 页数: | 324页 | |
| 开本: | 26cm | |
| 丛书名: | ||
| 单 册: | ||
| 中图分类: | R312 | |
| 科图分类: | ||
| 主题词: | 医药学:基础科学 , 医学人类学 | |
| 电子资源: | ||
| ISBN: | 7-117-03902-7 | |
| 000 | 00660nam0 2200229 450 | |
| 001 | 0637623073 | |
| 005 | 20061009103320.56 | |
| 010 | @a7-117-03902-7@dCNY30.00 | |
| 100 | @a20061009d2003 km y0chiy0120 ea | |
| 101 | 0 | @achi |
| 102 | @aCN@b110000 | |
| 200 | 1 | @a医学电子学基础@Ayi xue dian zi xue ji chu@f高翠霞 编@Fgao cui xia bian |
| 210 | @a北京@c人民卫生出版社@d2003 | |
| 215 | @a324页@d26cm | |
| 300 | @a面向21世纪课程教材 | |
| 300 | @a全国高等医药院校教材(供医学影像学专业用) | |
| 606 | 0 | @a医药学:基础科学 |
| 606 | 0 | @a医学人类学 |
| 690 | @aR312@v3 | |
| 701 | 0 | @a高翠霞@Agao cui xia@4编 |
| 801 | 0 | @aCN@bPFT@c20061009 |
| 905 | @a10447@dR312@e124 | |
| 医学电子学基础/高翠霞 编.-北京:人民卫生出版社,2003 |
| 324页;26cm |
| 面向21世纪课程教材.-全国高等医药院校教材(供医学影像学专业用) |
| ISBN 7-117-03902-7:CNY30.00 |
| ● |
| 相关链接 |
|
|
|
|
正题名:医学电子学基础
索取号:R312/124
 
预约/预借
| 序号 | 登录号 | 条形码 | 馆藏地/架位号 | 状态 | 备注 |
| 1 | 0494285 | 204942857 | 密集书库/ [索取号:R312/124] | 在馆 |